000 00985 a2200217 4500
001 24977
005 20260407155532.0
008 260407a1982 arg spa d
003 AR-UNSa-BCEJYS
040 _aAR-UNSa-BCEJYS
_bspa
_cAR-UNSa-BCEJYS
080 _a330.101
_xCiencia económica en general. La economía y sus problemas. Objeto y métodos de la economía política
245 1 0 _aEconomía y filosofía
020 _a978-84-309-0922-3
264 1 _aMadrid :
_bTecnos
_c1982
300 _a125 p.
_c18 cm.
505 _a1. El asunto de la economía política - 2. Conceptos económicos - 3. Generalizaciones económicas - 4. Teorías y modelos económicos - 5. Políticas económicas - 6. El monetarismo - 7. Teoría y realidad - 8. ¿Ciencia o semiciencia? - 9. ¿Quo vadis?
942 _cBK
590 _aniveau_biblio:m niveau_hierar:0
100 1 _aBunge, Mario
856 4 1 _uhttps://www.biblioeco.unsa.edu.ar/pmb/images/libros/L127395.jpg
_yImagen de portada
_qimage/jpeg
999 _c1254
_d1254